Multiple-Choice-Stadtquiz Kassel - Statistiken

Allgemein
  • Dieses Quiz wurde 928 mal gespielt
  • Das Durchschnittsergebnis liegt bei 6 aus 10
Antwortstatistiken
Frage Antwort % Korrekt
In welchem Bundesland liegt Kassel? Hessen
95%
Wie heißt ein Stadtteil, der nach einem Grafen von Hessen-Kassel benannt ist? Bad Wilhelmshöhe
73%
Von welcher Figur aus der griechischen Mythologie steht dort eine berühmte Statue? Herkules
70%
Und in diesem Park liegt wiederum was? Planetarium
64%
Klicke das Kasseler Wappen an!
56%
Welche Abkürzung hat der Verkehrsverbund zu dem auch Kassel gehört? NVV
50%
Wie heißt ein großer Park an diesem Fluss/diesen Flüssen? Karlsaue
48%
Welche Vorwahl hat Kassel? 0561
45%
Welcher Fluss/Welche Flüsse fließen durch Kassel? Fulda
43%
Welche dieser Namen hatte die Stadt nie? Cassalla
39%
Keine übereinstimmenden Quizze gefunden
Verteilung der Resultate
Anzahl Personen mit jedem Resultat
Perzentil nach korrekt beantworteten Fragen
Ihre Resultats-Entwicklung
Sie haben dieses Quiz noch nicht gespielt